Course Syllabus (AB Multimedia Arts ) : 1st Semester (2016-2017) vol. 2 / (Record no. 300997)
[ view plain ]
| 000 -LEADER | |
|---|---|
| fixed length control field | 00308nam a2200097Ia 4500 |
| 008 - FIXED-LENGTH DATA ELEMENTS--GENERAL INFORMATION | |
| fixed length control field | 160908s9999 xx 000 0 und d |
| 245 ## - TITLE STATEMENT | |
| Title | Course Syllabus (AB Multimedia Arts ) : 1st Semester (2016-2017) vol. 2 / |
| 260 ## - PUBLICATION, DISTRIBUTION, ETC. (IMPRINT) | |
| Name of publisher, distributor, etc | SISC. |
| Date of publication, distribution, etc | 2017 |
| 500 ## - GENERAL NOTE | |
| General note | AB Multimedia Syllabi. |
| 650 ## - SUBJECT ADDED ENTRY--TOPICAL TERM | |
| Topical term or geographic name as entry element | AB Multimedia - Syllabi. |
| Withdrawn status | Lost status | Damaged status | Home library | Current library | Shelving location | Date acquired | Total Checkouts | Date last seen | Price effective from | Koha item type |
|---|---|---|---|---|---|---|---|---|---|---|
| Archives | Archives | Archives Room | 09/08/2016 | 09/08/2016 | 09/08/2016 | Southvillana |